000 00582nam a2200205Ia 4500
005 20250508150359.0
008 008 250505s9999 xx 000 0 eng d
037 _aTextual
040 _aFEDL
_beng
_cFEDL
041 _aeng
_2eng
084 _a375, FLE
_qFEDL
100 _aFleming C M
245 0 _aResearch and the basic curriculum
260 _aLondon, UK
_bUniversity of London Press Limited
_c1946
300 _avii,120p.
365 _aINR
_b6
650 _aCurriculum - Research; Research
_9756547
942 _cTEXL
_h375, FLE
999 _c1323319
_d1323319